Bước đầu nghiên cứu và sử dụng các loài nấm ký sinh trên cỏ hòa bản trong ruộng lúa của tỉnh Trà Vinh (Luận án Thạc sĩ Khoa học Nông nghiệp, chuyên ngành Nông học)

Công trình cung cấp biện pháp phòng trừ sinh học cỏ dại bằng cách sử dụng các loài nấm ký sinh trên cỏ qua việc thu thập, phân lập, định danh và đánh giá khả năng gây bệnh của các loài nấm ký sinh trên một số loài cỏ hòa bản quan trọng trong...

詳細記述

保存先:
書誌詳細
第一著者: Trần Thị Yến Hương
フォーマット: 図書
言語:Undetermined
出版事項: Cần Thơ Trường ĐH Cần Thơ 1997
主題:
タグ: タグ追加
タグなし, このレコードへの初めてのタグを付けませんか!
Thư viện lưu trữ: Trung tâm Học liệu Trường Đại học Cần Thơ
LEADER 01171nam a2200193Ia 4500
001 CTU_29429
008 210402s9999 xx 000 0 und d
082 |a 632 
082 |b H561 
100 |a Trần Thị Yến Hương 
245 0 |a Bước đầu nghiên cứu và sử dụng các loài nấm ký sinh trên cỏ hòa bản trong ruộng lúa của tỉnh Trà Vinh (Luận án Thạc sĩ Khoa học Nông nghiệp, chuyên ngành Nông học) 
245 0 |c Trần Thị Yến Hương 
260 |a Cần Thơ 
260 |b Trường ĐH Cần Thơ 
260 |c 1997 
520 |a Công trình cung cấp biện pháp phòng trừ sinh học cỏ dại bằng cách sử dụng các loài nấm ký sinh trên cỏ qua việc thu thập, phân lập, định danh và đánh giá khả năng gây bệnh của các loài nấm ký sinh trên một số loài cỏ hòa bản quan trọng trong ruộng lúa ở tỉnh Trà Vinh 
650 |a plants, protection of,weeds 
904 |i Minh, 990402 
980 |a Trung tâm Học liệu Trường Đại học Cần Thơ